000 00649nam a2200229Ia 4500
003 OSt
005 20220925230312.0
006 a|||||r|||| 00| 0
007 ta
008 220923b |||||||| |||| 00| 0 eng d
037 _cGeneral Book
040 _aRTL
_cRTL
_beng
041 _2eng
_aeng
082 _aX:75.58.N7, K9
100 _aEllman Michael
_9124927
245 0 _aEconomic reform in the soviet union
260 _aLondon
_bUpper Belgrave Sheet UK
_c1969
300 _a283-371p. Bib p 365-7
_ccm.
650 _aEconomic
_937751
942 _hX:75.58.N7, K9
_cGB
_2CC
999 _c585173
_d585173